| 000 | 02303cam a2200445 a 4500 | ||
|---|---|---|---|
| 090 | _c10107 | ||
| 001 | 14505500 | ||
| 005 | 20071019110743.0 | ||
| 008 | 060818s2007 enka b 001 0 eng | ||
| 010 | _a 2006026397 | ||
| 015 |
_aGBA704455 _2bnb |
||
| 016 | 7 |
_a013645435 _2Uk |
|
| 020 | _a0521873967 (hardback) | ||
| 020 | _a9780521873963 (hardback) | ||
| 020 | _a0521696151 (pbk.) | ||
| 020 | _a9780521696159 (pbk.) | ||
| 035 | _a(OCoLC)ocm71146163 | ||
| 035 | _a(OCoLC)71146163 | ||
| 040 |
_aDLC _cDLC _dYDX _dBAKER _dUKM _dBTCTA _dYDXCP _dDLC |
||
| 043 | _aee----- | ||
| 050 | 0 | 0 |
_aJN96.A979 _bG78 2007 |
| 082 | 0 | 0 |
_a324.20947 _222 _bBUS |
| 100 | 1 |
_aGrzymaĆa-Busse, Anna Maria, _d1970- |
|
| 245 | 1 | 0 |
_aRebuilding Leviathan : _bparty competition and state exploitation in post-communist democracies / _cAnna Grzymala-Busse. |
| 260 |
_aCambridge ; _aNew York : _bCambridge University Press, _cc.2007. |
||
| 300 |
_axiv, 274 p. : _bill. ; _c24 cm. |
||
| 440 | 0 | _aCambridge studies in comparative politics | |
| 504 | _aIncludes bibliographical references (p. 247-268) and index. | ||
| 505 | 0 | _aCompeting for the state -- Developing the formal institutions of the state -- The expansion of state administration : exploitation or patronage? -- Privatizing the state : party financing strategies -- Conclusion -- Appendix A. Party organizations in post-communist democracies -- Appendix B. Measuring state administration employment -- Appendix C. Anchoring vignettes. | |
| 650 | 0 |
_aPolitical parties _zEurope, Eastern. |
|
| 650 | 0 |
_aPost-communism _zEurope, Eastern. |
|
| 651 | 0 |
_aEurope, Eastern _xPolitics and government _y1989- |
|
| 856 | 4 | 1 |
_3Table of contents only _uhttp://www.loc.gov/catdir/toc/ecip0619/2006026397.html |
| 856 | 4 | 2 |
_3Publisher description _uhttp://www.loc.gov/catdir/enhancements/fy0702/2006026397-d.html |
| 856 | 4 | 2 |
_3Contributor biographical information _uhttp://www.loc.gov/catdir/enhancements/fy0729/2006026397-b.html |
| 906 |
_a7 _bcbc _corignew _d1 _eecip _f20 _gy-gencatlg |
||
| 942 |
_2ddc _cARCH |
||
| 999 |
_c10107 _d10107 |
||